000 00535cam a2200145 4500500
005 20260208003818.0
041 _afre
042 _adc
100 1 0 _aGuitart, René
_eauthor
245 0 0 _aOrdres et désordres des sens, entre langue et discours Monique SASSIER Paris, L’Harmattan, 2004,236 p.
260 _c2005.
500 _a16
786 0 _nLangage et société | 113 | 3 | 2005-09-01 | p. 149e-159e | 0181-4095
856 4 1 _uhttps://shs.cairn.info/revue-langage-et-societe-2005-3-page-149e?lang=fr&redirect-ssocas=7080
999 _c1649018
_d1649018